Statistics for Largest Places in the UK ending A-Z

Click here to take the quiz!

General Stats

  • This quiz has been taken 53 times
  • The average score is 12 of 26

Answer Stats

AreaPlaceEndsPopulation% Correct
EnglandLondonN8.9m
100%
EnglandBirminghamM1.2m
94%
ScotlandGlasgowW623k
94%
ScotlandEdinburghH498k
92%
N.IrelandBelfastT336k
88%
WalesCardiffF351k
88%
EnglandLiverpoolL583k
88%
EnglandManchesterR557k
88%
WalesSwanseaA185K
88%
EnglandLeedsS508k
84%
EnglandNewcastle upon TyneE285k
73%
EnglandSheffieldD549k
67%
EnglandYorkK164k
57%
EnglandReadingG230k
39%
EnglandCoventryY376k
37%
EnglandHalifaxX92k
27%
WalesLlandudnoO15k
18%
WalesLlanelliI45k
18%
EnglandWorksopP43k
4%
EnglandAcombB1k
0%
WalesBeddauU9k
0%
EnglandFitzZ<1k
0%
Channel IslandsLe HocqQ<1k
0%
NoneV
0%
NoneJ
0%
EnglandWeedon BecC3k
0%

Score Distribution

Percentile by Number Answered

Percent of People with Each Score

Your Score History

You have not taken this quiz